Sports Quiz

Random Sports or Alphabet Quiz

Cover the Alphabet - MLB Teams Quiz Stats

 Plays Quiz Updated Mar 13, 2019

Score 0/52 Timer 01:30
31 Plays Today
% Correct
F - Go
100%
Q - Go
99.9%
Z - Go
99.9%
F - Go
99.9%
Q - Go
99.9%
Z - Go
99.9%
S - Cubs...
96.8%
S - Cubs...
96.8%
E - Mets...
96.6%
E - Mets...
96.6%
A - Astros...
96.3%
A - Astros...
96.3%
R - Rays...
96.1%
R - Rays...
96.1%
I - Indians...
95.5%
I - Indians...
95.5%
N - Nationals...
95.4%
N - Nationals...
95.4%
T - Mets...
95.1%
T - Mets...
95.1%
D - Dodgers...
94.8%
D - Dodgers...
94.8%
O - Orioles...
94.6%
O - Orioles...
94.6%
L - Angels...
93.4%
L - Angels...
93.4%
% Correct
B - Brewers...
93.3%
B - Brewers...
93.3%
Y - Rays...
92.8%
Y - Rays...
92.8%
C - Cubs...
91.6%
C - Cubs...
91.6%
M - Mets...
91.4%
M - Mets...
91.4%
G - Giants...
90%
G - Giants...
90%
P - Padres...
87.8%
P - Padres...
87.8%
K - Yankees...
87.7%
K - Yankees...
87.7%
U - Cubs...
85.4%
U - Cubs...
85.4%
W - Brewers...
85.1%
W - Brewers...
85.1%
H - Phillies...
84.6%
H - Phillies...
84.6%
X - Red Sox...
84.3%
X - Red Sox...
84.3%
J - Blue Jays
70.8%
J - Blue Jays
70.8%
V - Braves
59.9%
V - Braves
59.9%

You're not logged in!

Compare scores with friends on all Sporcle quizzes.
OR
Log In

Sporcle TV

Today on Sporcle TV


Watch our educational content, quiz creation guides, and fun videos on Sporcle TV.

Show Comments

Extras

Top Quizzes Today


Score Distribution

Your Account Isn't Verified!

In order to create a playlist on Sporcle, you need to verify the email address you used during registration. Go to your Sporcle Settings to finish the process.

Report this User

Report this user for behavior that violates our Community Guidelines.

Details: